CILENGUA (Record no. 85954)

MARC details
000 -LEADER
campo de control de longitud fija 01593nam a2200469 i 4500
001 - NÚMERO DE CONTROL
campo de control MOR01000086274
003 - IDENTIFICADOR DE NÚMERO DE CONTROL
campo de control mxdfmo
005 - FECHA Y HORA DE LA ÚLTIMA TRANSACCIÓN
campo de control 20260331145202.0
007 - CAMPO FIJO DE DESCRIPCIÓN FÍSICA--INFORMACIÓN GENERAL
campo de control de longitud fija vf cbahos
008 - DATOS DE LONGITUD FIJA--INFORMACIÓN GENERAL
campo de control de longitud fija 070824s2006 sp g 000 spa d
035 ## - NÚMERO DE CONTROL DEL SISTEMA
Número de control de sistema 071303
040 ## - FUENTE DE CATALOGACIÓN
Centro catalogador/agencia de origen mxcmmo
Lengua de catalogación spa
Normas de descripción rda
Centro/agencia transcriptor mxcmmo
041 0# - CÓDIGO DE IDIOMA
Código de lengua del texto/banda sonora o título independiente spa
082 04 - NÚMERO DE LA CLASIFICACIÓN DECIMAL DEWEY
Número de clasificación 460
Número de ítem CEN.c
110 2# - ENTRADA PRINCIPAL--NOMBRE DE ENTIDAD CORPORATIVA
Nombre de entidad corporativa o nombre de jurisdicción como elemento de entrada Centro Internacional de Investigación de la Lengua Española (La Rioja, España)
Término indicativo de función/relación autor
9 (RLIN) 147639
245 00 - MENCIÓN DEL TÍTULO
Título CILENGUA
264 #1 - PRODUCCIÓN, PUBLICACIÓN, DISTRIBUCIÓN, FABRICACIÓN Y COPYRIGHT
Producción, publicación, distribución, fabricación y copyright La Rioja, España :
Nombre del de productor, editor, distribuidor, fabricante Fundación San Millán de La Cogolla,
Fecha de producción, publicación, distribución, fabricación o copyright 2006.
300 ## - DESCRIPCIÓN FÍSICA
Extensión 1 disco (7 min. aprox.):
Otras características físicas color;
Dimensiones 4 3/4 plg.
336 ## - TIPO DE CONTENIDO
Término de tipo de contenido texto
Código de tipo de contenido txt
Fuente rdacontent
337 ## - TIPO DE MEDIO
Nombre/término del tipo de medio video
Código del tipo de medio v
Fuente rdamedia
338 ## - TIPO DE SOPORTE
Nombre/término del tipo de soporte videocasete
Código del tipo de soporte vf
Fuente rdacarrier
344 ## - CARACTERÍSTICAS DE SONIDO
Tipo de grabación digital
Medio de grabación video
Configuración de los canales de reproducción stereo
Fuente rda
345 ## - CARACTERÍSTICAS DE LA IMAGEN EN MOVIMIENTO
Formato de presentación videocassette
346 ## - CARACTERÍSTICAS DE VÍDEO
Formato de vídeo VHS
500 ## - NOTA GENERAL
Nota general Disponinble en formato DVD
650 #7 - PUNTO DE ACCESO ADICIONAL DE MATERIA--TÉRMINO DE MATERIA
Término de materia o nombre geográfico como elemento de entrada Español
Subdivisión general Historia
9 (RLIN) 16822
650 #7 - PUNTO DE ACCESO ADICIONAL DE MATERIA--TÉRMINO DE MATERIA
Término de materia o nombre geográfico como elemento de entrada Español
Subdivisión general Investigación
9 (RLIN) 147640
700 1# - ENTRADA AGREGADA--NOMBRE PERSONAL
Nombre de persona Fundación San Millán de la Cogolla (España)
9 (RLIN) 147641
900 ## - ELEMENTOS DE DATOS A LOCAL, LDA (RLIN)
Nombre de persona BATCH-UPD
Numeración 00
Títulos y otros términos asociados al nombre 20120323
Lenguaje de la obra MOR01
-- 1752
900 ## - ELEMENTOS DE DATOS A LOCAL, LDA (RLIN)
Nombre de persona BATCH-UPD
Numeración 40
Títulos y otros términos asociados al nombre 20120321
Lenguaje de la obra MOR01
-- 1717
900 ## - ELEMENTOS DE DATOS A LOCAL, LDA (RLIN)
Nombre de persona BATCH
Numeración 00
Títulos y otros términos asociados al nombre 20120322
Lenguaje de la obra MOR01
-- 1740
900 ## - ELEMENTOS DE DATOS A LOCAL, LDA (RLIN)
Nombre de persona CAT
Numeración 30
Títulos y otros términos asociados al nombre 20070824
Lenguaje de la obra MOR01
-- 1622
900 ## - ELEMENTOS DE DATOS A LOCAL, LDA (RLIN)
Nombre de persona CAT
Numeración 30
Títulos y otros términos asociados al nombre 20070824
Lenguaje de la obra MOR01
-- 1627
900 ## - ELEMENTOS DE DATOS A LOCAL, LDA (RLIN)
Nombre de persona KLAS
Numeración 30
Títulos y otros términos asociados al nombre 20070903
Lenguaje de la obra MOR01
-- 1228
900 ## - ELEMENTOS DE DATOS A LOCAL, LDA (RLIN)
Nombre de persona MARY
Numeración 05
Títulos y otros términos asociados al nombre 20070817
Lenguaje de la obra MOR01
-- 1632
900 ## - ELEMENTOS DE DATOS A LOCAL, LDA (RLIN)
Nombre de persona MARY
Numeración 05
Títulos y otros términos asociados al nombre 20070817
Lenguaje de la obra MOR01
-- 1632
900 ## - ELEMENTOS DE DATOS A LOCAL, LDA (RLIN)
Nombre de persona VOBO
Numeración 40
Títulos y otros términos asociados al nombre 20070905
Lenguaje de la obra MOR01
-- 1400
900 ## - ELEMENTOS DE DATOS A LOCAL, LDA (RLIN)
Nombre de persona VOBO
Numeración 40
Títulos y otros términos asociados al nombre 20100121
Lenguaje de la obra MOR01
-- 1613
900 ## - ELEMENTOS DE DATOS A LOCAL, LDA (RLIN)
Nombre de persona VOBO
Numeración 40
Títulos y otros términos asociados al nombre 20100121
Lenguaje de la obra MOR01
-- 1614
904 ## - ELEMENTOS DE DATOS D LOCAL, LDD (RLIN)
a UPDATE
942 ## - ELEMENTOS DE ENTRADA SECUNDARIOS (KOHA)
Código de la institución [OBSOLETO] VM
901 ## - ELEMENTOS DE DATOS A LOCAL LDA (RLIN)
a batch batch
Holdings
Estatus retirado Estado de pérdida Fuente del sistema de clasificación o colocación Estado de daño No para préstamo Colección Biblioteca de origen Biblioteca actual Ubicación en estantería Fecha de adquisición Fuente de adquisición Número de inventario Total de préstamos Signatura topográfica completa Código de barras Visto por última vez Precio de reemplazo Tipo de ítem Koha
    Clasificación Decimal Dewey     Videograbaciones Biblioteca Nicolas Poussin Biblioteca Nicolas Poussin Préstamo Mínimo 24/08/2007   111920   (VV)/460 CEN.c 33291001184395 03/09/2024 03/09/2024 DVD Video